| 000 | 00656nam a2200205 4500 | ||
|---|---|---|---|
| 001 | 123387 | ||
| 003 | ES-MaACL | ||
| 007 | t| | ||
| 008 | 070214s1981 sp r ||||1| spa d | ||
| 100 | 1 |
_aRadcliffe, Ann Ward, _d1764-1823 _9242916 |
|
| 245 | 1 | 3 |
_aEl italiano _b: o El confesionario de los penitentes negros / _cAnn Ward Radcliffe. |
| 250 | _a1ยช ed. | ||
| 260 |
_aBarcelona : _bIcaria, _c1981. |
||
| 300 |
_a320 p. ; _c21 cm. |
||
| 490 | 1 |
_aIcaria literaria ; _v15 |
|
| 740 | 0 | _aEl confesionario de los penitentes negros. | |
| 830 | 0 |
_aIcaria literaria ; _v15 _9178471 |
|
| 852 |
_aES-MaACL _jL-3910 _bR.104491 |
||
| 999 |
_c123387 _d123387 |
||